| 000 | 01995nam0a2200385 4500 | ||
|---|---|---|---|
| 001 | RU\NLR\bibl\936368 | ||
| 005 | 20260406225748.0 | ||
| 010 |
_a5-85657-058-8 _9100 |
||
| 021 |
_aRU _b2006-11521 _9562 |
||
| 035 | _a(NLR Aleph) 000924568 | ||
| 090 |
_a121208 _c121208 |
||
| 100 | _a20060420d2005 |||y0rusy50 ca | ||
| 101 | 0 |
_arus _deng |
|
| 102 | _aRU | ||
| 105 | _aa ||||||||| | ||
| 200 | 1 |
_aФосфатные руды России _eклассификация, особенности состава и строения _f[М.И. Карпова, В.Ф. Крутиков, И.С. Садыков и др. _gгл. ред. д.г.-м.н. Е.М. Аксенов] |
|
| 210 |
_aКазань _cЦНИИгеолнеруд _d2005 |
||
| 215 |
_a226 с. _cил. _d29 |
||
| 225 | 1 |
_aТруды Центрального научно-исследовательского института геологии нерудных полезных ископаемых _fМ-во природ. ресурсов Рос. Федерации, Федер. агентство по недропольз., ФГУП "ЦНИИгеолнеруд" |
|
| 300 | _aРез. на англ. яз. | ||
| 320 | _aБиблиогр.: с. 161-169 (167 назв.) | ||
| 606 | 1 |
_aФосфаты _xМесторождения _yРоссийская Федерация _92424707 _3RU\NLR\auth\661443688 |
|
| 686 | _aД452.18-09(2Р) | ||
| 701 | 1 |
_aКарпова _bМ. И. _gМаргарита Ивановна _4070 |
|
| 701 | 1 |
_aКрутиков _bВ. Ф. _gВиктор Филиппович _4070 |
|
| 701 | 1 |
_aСадыков _bИ. С. _4070 |
|
| 702 | 1 |
_aАксенов _bЕ. М. _gЕвгений Михайлович _4340 |
|
| 711 | 0 | 2 |
_4070 _aЦНИИ геологии нерудных полезных ископаемых _cКазань _9459514 _3RU\NLR\AUTH\889981757 |
| 801 | 0 |
_aRU _bNLR _c20060420 _grcr |
|
| 801 | 1 |
_aRU _bNLR _c20060420 |
|
| 830 | _aавт. по ЭК | ||
| 942 | _cBOOK | ||
| 980 | _aNB | ||
| 980 | _aNBR | ||